000 00508nam a2200181Ia 4500
005 20250326124145.0
008 250326s9999 xx 000 0 und d
037 _aTextbook
040 _aFMSL
_beng
_cFMSL
041 _aeng
_2eng
084 _aX:5.1 L1;3
_qFMSL
100 _aAshworth W
245 0 _aShort history of the international economy since 1850
_cAshworth W
260 _aLondon
_bLondon, Longman
_c1971
300 _a295p
942 _cTB
_hX:5.1 L1;3
999 _c1272523
_d1272523